| 000 | 00839 a2200241 4500 | ||
|---|---|---|---|
| 005 | 20251203114236.0 | ||
| 008 | 251203b |||||||| |||| 00| 0 eng d | ||
| 020 | _a9780231188661 (hbk) | ||
| 037 | _cTB | ||
| 040 |
_aAL _cAL |
||
| 041 |
_2eng _aeng |
||
| 084 |
_aV1(Q7).N35<-M65 Q9 _qAL |
||
| 100 |
_aHalevi, Leor _9822078 |
||
| 245 |
_aModern things on trial: _bIslam's global and material reformation in the age of Rida, 1865-1935 |
||
| 260 |
_aNew York, USA: _bColumbia University Press, _c2019. |
||
| 300 | _axi, 367p. | ||
| 365 |
_b75.00 _cUSD |
||
| 650 |
_aHistory World _9854038 |
||
| 650 |
_aCivilization _9854039 |
||
| 650 |
_aIslamic _9854040 |
||
| 942 |
_cTB _2CC _n0 _hV1(Q7).N35<-M65 Q9 |
||
| 999 |
_c1435859 _d1435859 |
||